मानवाधिकार के तकाज़े / (Record no. 64346)

MARC details
000 -LEADER
fixed length control field 00732nam a22001817a 4500
005 - DATE AND TIME OF LATEST TRANSACTION
control field 20120324110657.0
020 ## - INTERNATIONAL STANDARD BOOK NUMBER
Terms of availability 125.00
International Standard Book Number 818748232x
035 ## - SYSTEM CONTROL NUMBER
System control number B-113646
037 ## - SOURCE OF ACQUISITION
Source of stock number/acquisition
Stock number dpl
082 ## - DEWEY DECIMAL CLASSIFICATION NUMBER
Classification number 323
100 ## - MAIN ENTRY--PERSONAL NAME
Personal name नन्दकिशोर
245 1# - TITLE STATEMENT
Title मानवाधिकार के तकाज़े /
Statement of responsibility, etc नन्दकिशोर
260 ## - PUBLICATION, DISTRIBUTION, ETC. (IMPRINT)
Place of publication, distribution, etc बीकानेर
Name of publisher, distributor, etc वाग्देवी प्रकाशन
Date of publication, distribution, etc 2003
270 ## - ADDRESS
Address
City
Postal code
Telephone number
300 ## - PHYSICAL DESCRIPTION
Extent 136पृ.
Dimensions 22सेमी (सजिल्द)
942 ## - ADDED ENTRY ELEMENTS (KOHA)
Institution code [OBSOLETE] dpl
Item type Hindi Books
Call number prefix
Source of classification or shelving scheme Dewey Decimal Classification
Classification part 323
Call number suffix नन्दकि
Holdings
Withdrawn status Lost status Not for loan Collection code Home library Current library Date acquired Cost, normal purchase price Full call number Barcode Cost, replacement price Koha item type Public note
      Non-fiction Sarojini Nagar Sarojini Nagar 24/03/2012 125.00 323 नन्दकि B-113646 125.00 Hindi Books Withdrawn List Prepared L.No.30/08

© Delhi Public Library
Hit Counter
free hit counter